Os sonâmbulos (Registo nº 200928)

Detalhes MARC
000 -Etiqueta do registo
Valores 00698nam 22002173 4500
100 ## - Dados gerais de processamento
Dados gerais 20230120d u||y0pory50 ba
200 ## - Titulo e menção de responsabilidade
Título próprio Os sonâmbulos
Primeira menção de responsabilidade Hermann Broch
Outras menções de responsabilidade tradução de João Gaspar Simões
Informação de outro título trilogia
210 ## - Publicação
Local de publicação Lisboa
Nome do editor Arcádia
Data de publicação imp. 1965
215 ## - Descrição física 
Paginação / Volumes 725, [2] p.
Outras indicações físicas encadernado
Dimensões 21 cm
225 ## - Colecção 
Informação de outro título Encontro especial
Indicação de volume 3
300 ## - Notas gerais 
Texto da nota Nota do Prof. Dr. Almeida Faria
606 ## - Nome comum usado como assunto
ID Autoridade 1113
Palavra de ordem Literatura Austríaca
610 ## - Termos não controlados
Palavra de ordem Outras Literaturas
675 ## - CDU
Notação 821.112.2(436)-3
Edição PT
Língua por
700 ## - Autor principal (pessoa individual)
ID Autoridade 1120
Apelido Broch
Nome Hermann
Datas 1886-1951
702 ## - Autor secundário (pessoa individual)
ID Autoridade 6295
Apelido Simões
Nome João Gaspar
801 ## - Fonte de origem
País PT
Agência BMMN
Regras de catalogação RPC
830 ## - Notas gerais do catalogador
Criado por Ana Falardo
Indexado por Ana Falardo
990 ## - Elementos KOHA
Tipo de documento Livro
Exemplares
Situação do levantamento Biblioteca de origem Código de barras Cota Permissão de empréstimo Tipo de documento Nota relativa ao exemplar Forma de aquisição
  Biblioteca Municipal de Montemor-o-Novo 30189 821.112.2(436)-3 BRO|SAF   Livro Acesso condicionado Oferta

Powered by Koha